00277 a2200121 4500001000700000020000600007040001100013100002500024240004500049245004000094362000900134440001200143167815 a  cMagnum aStienecker, David L.10aNumeros: problemas, jogos e enigmaslpor10aNumeros: problemas, jogos e enigmas0 a1899 1aModerna